Zagreb - Choix Multiples - Statistiques

Statistiques générales
  • Ce quiz a été pris 58 fois
    52 depuis la dernière actualisation
  • Le résultat moyen est 5 sur 10
Statistiques - réponses
Question Réponse % Correct
Où se situe la capitale de la Croatie ?
87%
Comment se nomme le célèbre club de foot de Zagreb ? Dinamo Zagreb
82%
Quel pays voisin se trouve directement au nord de Zagreb ? Slovénie
71%
Quelle est la particularité célèbre du funiculaire Uspinjača de Zagreb ? C’est le plus court funiculaire au monde en service public régulier
60%
Quelle église a un toit de tuiles colorées représentant des armoiries ? Saint-Marc
58%
Quel est le nom de la place centrale de Zagreb, nommée d’après un dirigeant du XIXᵉ siècle ? Place Ban Jelačić
47%
Quelle est l'image correspondant au Théâtre national de Zagreb ?
38%
En quelle année le roi Ladislas a-t-il fondé le diocèse qui marque la naissance officielle de Zagreb ? 1094
33%
Quel est le grand marché en plein air surnommé le « ventre de Zagreb » ? Dolac
29%
Quel empire a tenté, sans succès, de conquérir Zagreb en 1241 ? L’Empire mongol
22%
Aucun quiz correspondant
Distribution des résultats
% des personnes avec chaque résultat
Percentile par nombre de réponses
Votre historique - résultats
Vous n’avez pas pris ce quiz depuis la dernière actualisation